000 00288nam a22001217a 4500
008 180918b xxu||||| |||| 00| 0 eng d
041 _aeng
080 _a330
100 _a59
101 _aBUS
245 _aCalculator Analysis Fore Business And Finance
_cCurry.J.L
942 _2udc
_cBK
999 _c47944
_d47944